<?xml version="1.0" encoding="UTF-8"?>
<record
    xmlns:xsi="http://www.w3.org/2001/XMLSchema-instance"
    xsi:schemaLocation="http://www.loc.gov/MARC21/slim http://www.loc.gov/standards/marcxml/schema/MARC21slim.xsd"
    xmlns="http://www.loc.gov/MARC21/slim">

  <leader>02397nam a2200265Ia 4500</leader>
  <controlfield tag="003">OSt</controlfield>
  <controlfield tag="005">20251107152336.0</controlfield>
  <controlfield tag="008">210210b2015   xxu||||| |||| 00| 0 eng d</controlfield>
  <datafield tag="040" ind1=" " ind2=" ">
    <subfield code="c">AL</subfield>
  </datafield>
  <datafield tag="041" ind1=" " ind2=" ">
    <subfield code="a">Kannada</subfield>
  </datafield>
  <datafield tag="082" ind1=" " ind2=" ">
    <subfield code="a">901K DURI</subfield>
  </datafield>
  <datafield tag="100" ind1=" " ind2=" ">
    <subfield code="a">DURANT (Will)</subfield>
    <subfield code="d">&#xCB5;&#xCBF;&#xCB2;&#xCCD; &#xCA1;&#xCCD;&#xCAF;&#xCC2;&#xCB0;&#xCBE;&#xC82;&#xC9F;&#xCCD;</subfield>
    <subfield code="9">244754</subfield>
  </datafield>
  <datafield tag="110" ind1=" " ind2=" ">
    <subfield code="a">DURANT (Airel)</subfield>
    <subfield code="b">&#xC8F;&#xCB0;&#xCBF;&#xCAF;&#xCC6;&#xCB2;&#xCCD; &#xCA1;&#xCCD;&#xCAF;&#xCC2;&#xCB0;&#xCBE;&#xC82;&#xC9F;&#xCCD;</subfield>
    <subfield code="9">244755</subfield>
  </datafield>
  <datafield tag="245" ind1=" " ind2=" ">
    <subfield code="a">Itihasa kalisuva pata</subfield>
    <subfield code="b">&#xC87;&#xCA4;&#xCBF;&#xCB9;&#xCBE;&#xCB8; &#xC95;&#xCB2;&#xCBF;&#xCB8;&#xCC1;&#xCB5; &#xCAA;&#xCBE;&#xCA0; </subfield>
  </datafield>
  <datafield tag="260" ind1=" " ind2=" ">
    <subfield code="a">Hubballi</subfield>
    <subfield code="b">Sahithya Prakashana.,</subfield>
    <subfield code="c">2015</subfield>
  </datafield>
  <datafield tag="300" ind1=" " ind2=" ">
    <subfield code="a">58</subfield>
  </datafield>
  <datafield tag="520" ind1=" " ind2=" ">
    <subfield code="a">&#xCB2;&#xCC7;&#xC96;&#xC95; &#xC86;&#xCB0;&#xCCD;.&#xCB5;&#xCBF;. &#xC95;&#xC9F;&#xCCD;&#xC9F;&#xCC0;&#xCAE;&#xCA8;&#xCBF; &#xCA4;&#xCA1;&#xC95;&#xCB2;&#xCCD; &#xC85;&#xCB5;&#xCB0;&#xCC1; &#xCB5;&#xCBF;&#xCB2;&#xCCD; &#xCA1;&#xCCD;&#xCAF;&#xCC2;&#xCB0;&#xCBE;&#xC82;&#xC9F;&#xCCD; &#xCB9;&#xCBE;&#xC97;&#xCC2; &#xCAA;&#xCA4;&#xCCD;&#xCA8;&#xCBF;  &#xC8F;&#xCB0;&#xCBF;&#xCAF;&#xCC6;&#xCB2;&#xCCD; &#xCA1;&#xCCD;&#xCAF;&#xCC2;&#xCB0;&#xCBE;&#xC82;&#xC9F;&#xCCD; &#xC85;&#xCB5;&#xCB0;&#xCC1; &#xCAC;&#xCB0;&#xCC6;&#xCA6; &#xCB2;&#xCC6;&#xCB8;&#xCA8;&#xCCD;&#xCB8;&#xCCD; &#xCAB;&#xCCD;&#xCB0;&#xCBE;&#xCAE;&#xCCD; &#xC87;&#xCB8;&#xCCD;&#xC9F;&#xCB0;&#xCBF;&#x2019; &#xC95;&#xCC3;&#xCA4;&#xCBF;&#xCAF;&#xCA8;&#xCCD;&#xCA8;&#xCC1; &#xC95;&#xCA8;&#xCCD;&#xCA8;&#xCA1;&#xC95;&#xCCD;&#xC95;&#xCC6; &#xC85;&#xCA8;&#xCC1;&#xCB5;&#xCBE;&#xCA6;&#xCBF;&#xCB8;&#xCBF;&#xCA6;&#xCCD;&#xCA6;&#xCC7;-&#xC87;&#xCA4;&#xCBF;&#xCB9;&#xCBE;&#xCB8; &#xC95;&#xCB2;&#xCBF;&#xCB8;&#xCC1;&#xCB5; &#xCAA;&#xCBE;&#xCA0;. &#xC87;&#xCA6;&#xCC1; &#xCB8;&#xC82;&#xC97;&#xCCD;&#xCB0;&#xCB9;&#xCBE;&#xCA8;&#xCC1;&#xCB5;&#xCBE;&#xCA6;.  '&#xCB8;&#xCCD;&#xC9F;&#xCCB;&#xCB0;&#xCBF; &#xC86;&#xCAB;&#xCCD; &#xCB8;&#xCBF;&#xCB5;&#xCBF;&#xCB2;&#xCC8;&#xC9C;&#xCC7;&#xCB6;&#xCA8;&#xCCD;&#x200C;' &#xCB9;&#xCA4;&#xCCD;&#xCA4;&#xCC1; &#xCB8;&#xC82;&#xCAA;&#xCC1;&#xC9F;&#xC97;&#xCB3;&#xCB2;&#xCCD;&#xCB2;&#xCBF; &#xCAA;&#xCCD;&#xCB0;&#xC95;&#xC9F;&#xCB5;&#xCBE;&#xCA6; &#xCAC;&#xCC3;&#xCB9;&#xCA4;&#xCCD; &#xC97;&#xCCD;&#xCB0;&#xC82;&#xCA5;.

&#xCA1;&#xCCD;&#xCAF;&#xCC1;&#xCB0;&#xCBE;&#xC82;&#xC9F;&#xCCD; &#xCA6;&#xC82;&#xCAA;&#xCA4;&#xCBF; '&#xCB2;&#xCC6;&#xCB8;&#xCA8;&#xCCD;&#xCB8;&#xCCD; &#xC86;&#xCAB;&#xCCD; &#xCB9;&#xCBF;&#xCB8;&#xCCD;&#xC9F;&#xCB0;&#xCBF;' &#xC8E;&#xC82;&#xCAC; &#xC95;&#xCC3;&#xCA4;&#xCBF;&#xCAF;&#xCB2;&#xCCD;&#xCB2;&#xCBF;, &#xC87;&#xCA4;&#xCBF;&#xCB9;&#xCBE;&#xCB8;-&#xCB8;&#xC82;&#xCB8;&#xCCD;&#xC95;&#xCC3;&#xCA4;&#xCBF;, &#xC87;&#xCA4;&#xCBF;&#xCB9;&#xCBE;&#xCB8;-&#xCB0;&#xCBE;&#xC9C;&#xC95;&#xCC0;&#xCAF;, &#xC87;&#xCA4;&#xCBF;&#xCB9;&#xCBE;&#xCB8; &#xCAD;&#xCC2;&#xC97;&#xCCB;&#xCB3;, &#xC87;&#xCA4;&#xCBF;&#xCB9;&#xCBE;&#xCB8;-&#xCB8;&#xCAE;&#xCBE;&#xC9C; &#xCB9;&#xCC0;&#xC97;&#xCC6; &#xC87;&#xCA4;&#xCBF;&#xCB9;&#xCBE;&#xCB8;&#xCA6; &#xCAC;&#xCC6;&#xCB3;&#xC95;&#xCB2;&#xCCD;&#xCB2;&#xCBF; &#xCB5;&#xCBF;&#xCB5;&#xCBF;&#xCA7; &#xC95;&#xCCD;&#xCB7;&#xCC7;&#xCA4;&#xCCD;&#xCB0;&#xC97;&#xCB3;&#xCA8;&#xCCD;&#xCA8;&#xCBF;&#xC9F;&#xCCD;&#xC9F;&#xCC1;, &#xCB5;&#xCBF;&#xCB6;&#xCCD;&#xCB2;&#xCC7;&#xCB7;&#xCBF;&#xCB8;&#xCBF;&#xCA6; &#xCAA;&#xCB0;&#xCBF; &#xCB9;&#xCBE;&#xC97;&#xCC2; &#xCB5;&#xCBF;&#xCB5;&#xCBF;&#xCA7; &#xC95;&#xCCD;&#xCB7;&#xCC7;&#xCA4;&#xCCD;&#xCB0;&#xC97;&#xCB3;&#xCBF;&#xC97;&#xCC6; &#xC87;&#xCA4;&#xCBF;&#xCB9;&#xCBE;&#xCB8; &#xCA8;&#xCC0;&#xCA1;&#xCBF;&#xCA6; &#xC95;&#xCCA;&#xCA1;&#xCC1;&#xC97;&#xCC6; &#xCB9;&#xCBE;&#xC97;&#xCC2; &#xC87;&#xCA4;&#xCBF;&#xCB9;&#xCBE;&#xCB8;&#xCA6; &#xCAA;&#xCCD;&#xCB0;&#xCAD;&#xCBE;&#xCB5;, &#xC85;&#xCAD;&#xCBF;&#xCB5;&#xCC3;&#xCA6;&#xCCD;&#xCA7;&#xCBF; &#xC87;&#xCA4;&#xCCD;&#xCAF;&#xCBE;&#xCA6;&#xCBF; &#xC95;&#xCC1;&#xCB0;&#xCBF;&#xCA4;&#xCC1; &#xC85;&#xCA7;&#xCCD;&#xCAF;&#xCAF;&#xCA8;&#xCAA;&#xCC2;&#xCB0;&#xCCD;&#xCA3; &#xCAC;&#xCB0;&#xCB9;&#xC97;&#xCB3;&#xCBF;&#xCA6;&#xCCD;&#xCA6;&#xCC1;, &#xCB2;&#xCC7;&#xC96;&#xC95;&#xCB0;&#xCC1; &#xCAE;&#xCC2;&#xCB2;&#xC95;&#xCCD;&#xC95;&#xCC6; &#xCA7;&#xC95;&#xCCD;&#xC95;&#xCC6;&#xCAF;&#xCBE;&#xC97;&#xCA6;&#xC82;&#xCA4;&#xCC6; &#xC85;&#xCA8;&#xCC1;&#xCB5;&#xCBE;&#xCA6;&#xCBF;&#xCB8;&#xCBF;&#xCA6;&#xCCD;&#xCA6;&#xCBE;&#xCB0;&#xCC6;.    </subfield>
  </datafield>
  <datafield tag="650" ind1=" " ind2=" ">
    <subfield code="a">paata</subfield>
    <subfield code="9">244756</subfield>
  </datafield>
  <datafield tag="650" ind1=" " ind2=" ">
    <subfield code="a">kalisuva</subfield>
    <subfield code="9">244757</subfield>
  </datafield>
  <datafield tag="650" ind1=" " ind2=" ">
    <subfield code="a">Itihasa</subfield>
    <subfield code="9">244758</subfield>
  </datafield>
  <datafield tag="690" ind1=" " ind2=" ">
    <subfield code="a">History</subfield>
    <subfield code="9">244759</subfield>
  </datafield>
  <datafield tag="700" ind1=" " ind2=" ">
    <subfield code="a">R V Kattimani</subfield>
    <subfield code="d">&#xC86;&#xCB0;&#xCCD;.&#xCB5;&#xCBF;. &#xC95;&#xC9F;&#xCCD;&#xC9F;&#xCC0;&#xCAE;&#xCA8;&#xCBF;</subfield>
    <subfield code="9">244760</subfield>
  </datafield>
  <datafield tag="906" ind1=" " ind2=" ">
    <subfield code="a">070272</subfield>
  </datafield>
  <datafield tag="942" ind1=" " ind2=" ">
    <subfield code="2">ddc</subfield>
    <subfield code="c">BK</subfield>
  </datafield>
  <datafield tag="999" ind1=" " ind2=" ">
    <subfield code="c">119815</subfield>
    <subfield code="d">119815</subfield>
  </datafield>
  <datafield tag="952" ind1=" " ind2=" ">
    <subfield code="0">0</subfield>
    <subfield code="1">0</subfield>
    <subfield code="2">ddc</subfield>
    <subfield code="4">0</subfield>
    <subfield code="7">0</subfield>
    <subfield code="8">HIS</subfield>
    <subfield code="a">AL</subfield>
    <subfield code="b">AL</subfield>
    <subfield code="c">History</subfield>
    <subfield code="d">2021-02-17</subfield>
    <subfield code="e">Navakarnataka Publication Pvt Ltd Mangalore</subfield>
    <subfield code="g">60.00</subfield>
    <subfield code="l">0</subfield>
    <subfield code="o">901K DURI</subfield>
    <subfield code="p">070272</subfield>
    <subfield code="r">2021-02-17 00:00:00</subfield>
    <subfield code="w">2021-02-17</subfield>
    <subfield code="y">BK</subfield>
  </datafield>
</record>
